ETHICS IN ENGINEERING (Record no. 8215)

MARC details
000 -LEADER
fixed length control field 00332nam a22001577a 4500
003 - CONTROL NUMBER IDENTIFIER
control field SGT
020 ## - INTERNATIONAL STANDARD BOOK NUMBER
International Standard Book Number 9789339204457
082 ## - DEWEY DECIMAL CLASSIFICATION NUMBER
Classification number 174.962
Item number MAR
100 ## - MAIN ENTRY--PERSONAL NAME
Personal name MARTIN,MIKE.W
245 ## - TITLE STATEMENT
Title ETHICS IN ENGINEERING
250 ## - EDITION STATEMENT
Edition statement 4TH
260 ## - PUBLICATION, DISTRIBUTION, ETC. (IMPRINT)
Place of publication, distribution, etc NEW DELHI
Name of publisher, distributor, etc TMH
Year of Publication 2005
300 ## - PAGE DESCRIPTION
No. of Pages 340
650 ## - SUBJECT ADDED ENTRY--TOPICAL TERM
Topical term or geographic name as entry element ENGINEERING ETHICS
942 ## - ADDED ENTRY ELEMENTS (KOHA)
Source of classification or shelving scheme Dewey Decimal Classification
Koha item type Books
Holdings
Withdrawn status Lost status Source of classification or shelving scheme Damaged status Not for loan Home library Current library Shelving location Date acquired Vendor Name Cost, normal purchase price SGTU Bill Number Total Checkouts Full call number Accession No. (Barcode) Date last seen Bill Date Koha item type Total Renewals Date last borrowed
    Dewey Decimal Classification     SGT Engineering Library SGT Engineering Library On Display 06/01/2016 KIRTI PRAKASHAN 495.00 SGTU 2567   174.962 MAR FE6456 06/01/2016   Books    
    Dewey Decimal Classification     SGT Engineering Library SGT Engineering Library On Display 06/01/2016 KIRTI PRAKASHAN 495.00 SGTU 2567   174.962 MAR FE6457 06/01/2016   Books    
    Dewey Decimal Classification     SGT Engineering Library SGT Engineering Library On Display 06/01/2016 KIRTI PRAKASHAN 495.00 SGTU 2567 1 174.962 MAR FE6458 16/03/2017   Books 1 07/02/2017
    Dewey Decimal Classification     SGT Engineering Library SGT Engineering Library On Display 06/01/2016 KIRTI PRAKASHAN 495.00 SGTU 2567   174.962 MAR FE6459 06/01/2016   Books    
    Dewey Decimal Classification     SGT Engineering Library SGT Engineering Library On Display 06/01/2016 KIRTI PRAKASHAN 495.00 SGTU 2567   174.962 MAR FE6460 06/01/2016   Books    
    Dewey Decimal Classification     SGT Engineering Library SGT Engineering Library On Display 06/01/2016 KIRTI PRAKASHAN 495.00 SGTU 2567   174.962 MAR FE6461 06/01/2016   Books    
    Dewey Decimal Classification     SGT Engineering Library SGT Engineering Library On Display 06/01/2016 KIRTI PRAKASHAN 495.00 SGTU 2567 1 174.962 MAR FE6462 28/11/2018   Books 1 23/07/2018
    Dewey Decimal Classification     SGT Engineering Library SGT Engineering Library On Display 06/01/2016 KIRTI PRAKASHAN 495.00 SGTU 2567 1 174.962 MAR FE6463 16/03/2017   Books 2 07/02/2017
    Dewey Decimal Classification     SGT Engineering Library SGT Engineering Library On Display 06/01/2016 KIRTI PRAKASHAN 495.00 SGTU 2567   174.962 MAR FE6464 06/01/2016   Books